| 000 | 00757pam a2200241 a 4500 | ||
|---|---|---|---|
| 999 |
_c5496 _d5496 |
||
| 001 | 6335 | ||
| 003 | BD-DhUAP | ||
| 005 | 20201213111508.0 | ||
| 008 | 201213s1996 nyua b 001 0 eng | ||
| 020 | _a0471086584 (acidfree paper) | ||
| 040 |
_aDLC _cDLC _dBD-DhUAP _beng |
||
| 082 | 0 | 0 |
_a624.15136 TER _223 |
| 100 | 1 | _aTerzaghi, Karl. | |
| 245 | 1 | 0 |
_aSoil mechanics in engineering practice / _cKarl Terzaghi, Ralph B. Peck and Gholamreza Mesri. |
| 250 | _a3rd ed. | ||
| 260 |
_aNew York : _bWiley, _cc1996. |
||
| 300 |
_axxx, 549 pages : _billustrations ; _c29 cm. |
||
| 504 | _aIncludes bibliographical references (p. 501-522) and indexes. | ||
| 650 | 0 | _aSoil mechanics. | |
| 700 | 1 | _aPeck, Ralph B. | |
| 700 | 1 | _aMesri, Gholamreza. | |
| 942 |
_2ddc _cBK |
||